The Super Duper '90s Slideshow Quiz Stats

 Plays Quiz Updated Nov 12, 2014

Challenge
Share
Tweet
Score 0/30 Timer 08:00
3 Plays Today
% Correct
The Lion King
98%
Beauty and the Beast
98%
Jurassic Park
97.6%
Power Rangers
97.6%
Bill Clinton
97.4%
Home Alone
97%
The Spice Girls
96.8%
The Fresh Prince of Bel-Air
96.5%
Aladdin
95.1%
Rugrats
93.6%
Michael Jordan
91%
Trolls
89.6%
'N Sync
86.1%
Full House
86%
Backstreet Boys
85.9%
% Correct
Bill Nye the Science Guy
85.2%
Beanie Babies
85.1%
Lunchables
84%
Furby
83.9%
The Magic School Bus
81.6%
Pinky and the Brain
81.3%
Ring Pops
77.4%
Scream
77.1%
Boy Meets World
76.5%
Nirvana
76.5%
Doug
71.5%
Hey Arnold!
69.7%
Butterfly Clips
68.6%
Pogs
62.2%
Tamagotchi
54.2%

You're not logged in!

Compare scores with friends on all Sporcle quizzes.
Join for Free
OR
Log In

You Might Also Like...

Show Comments

Extras

Top Quizzes Today


Score Distribution

Your Account Isn't Verified!

In order to create a playlist on Sporcle, you need to verify the email address you used during registration. Go to your Sporcle Settings to finish the process.

Report this User

Report this user for behavior that violates our Community Guidelines.

Details: